000 00767nam a22002297a 4500
005 20250912155247.0
010 _aENG-146846
020 _a9788197424922
035 _aEN-130378
037 _bDBAD
082 _a621.39
100 _aSubramanian, Chandramouli
_985053
245 _aDesignThinking
_bA Hands on Approach/
_cChandramouli Subramanian; Thiyagarajan Paramasivan; Sankaran Venkataramani
250 _a1
260 _aTelangana
_bUniversities Press India Private Limited
270 _a3-6-747/1/A & 3-6-754/1, Himayatnagar, Hyderabad
_bTelangana
_e500029
300 _a416p.
_c24(pbk)
700 _aParamasivan Thiyagarajan
_985055
700 _aVenkataramani Sankaran
_985056
760 _b1
942 _2ddc
_cEN
_h621.39
_mSUB
_e1
999 _c213435
_d213435